<?xml version="1.0" encoding="UTF-8"?>
<marc:record xmlns:marc="http://www.loc.gov/MARC21/slim">
   <marc:leader>00000nam a2200000 a 4500</marc:leader>
   <marc:datafield ind1="1" ind2=" " tag="100">
      <marc:subfield code="a">Börjlind, Cilla</marc:subfield>
      <marc:subfield code="4">aut</marc:subfield>
      <marc:subfield code="e">Verfasser/-in</marc:subfield>
   </marc:datafield>
   <marc:datafield ind1="0" ind2="0" tag="245">
      <marc:subfield code="a">Schlaflied</marc:subfield>
   </marc:datafield>
   <marc:datafield ind1="0" ind2="0" tag="245">
      <marc:subfield code="b">Kriminalroman</marc:subfield>
   </marc:datafield>
   <marc:datafield ind1=" " ind2="1" tag="264">
      <marc:subfield code="b">btb</marc:subfield>
      <marc:subfield code="c">2017</marc:subfield>
   </marc:datafield>
   <marc:datafield ind1="1" ind2=" " tag="490">
      <marc:subfield code="a">Die Rönning/Stilton-Serie</marc:subfield>
   </marc:datafield>
   <marc:datafield ind1="1" ind2=" " tag="520">
      <marc:subfield code="a">Am Stockholmer Hauptbahnhof herrscht Chaos. Ein Mädchen im Strom der Asylsuchenden schlägt sich ganz alleine durch. Aus Angst vor den Behörden lebt sie mehr schlecht als recht auf den Straßen Stockholms - bis sie auf die Obdachlose Muriel trifft, die sich ihrer annimmt. Gemeinsam suchen sie Zuflucht in einer einsamen Hütte auf dem Land. Aber ist es in den Wäldern Smålands wirklich sicherer als auf den Straßen von Stockholm? 4. Fall für Olivia Rönning und Tom Stilton. (Verlagstext) 
</marc:subfield>
   </marc:datafield>
   <marc:datafield ind1=" " ind2=" " tag="020">
      <marc:subfield code="a">9783442757169</marc:subfield>
      <marc:subfield code="9">9783442757169</marc:subfield>
   </marc:datafield>
</marc:record>
